00718nam a2200169Ia 4500001001000000003000500010008004100015010001100056040000900067100002400076245014800100260003500248300001000283502009800293650009400391710006300485Para_3203CHAP220125s1978 xx 000 0 und d a201665 cCHAP aZapata Mata, Raúl aEstudio del estado no parasìtico de la garrapata del ganado Boophilus microplus (Canestrini) en la Chontalpa, Tabasco /c Raúl Zapata Mata aCárdenas, Tab. :b El autor a59 h. aTesis (Maestro en Ciencias Esp. en Entomología) -- Colegio Superior de Agricultura Tropical aBoophilus microplus Ganado x Parásitos Garrapatas Ganadería x Chontalpa, Tabasco aColegio Superior de Agricultura Tropical, Cárdenas, Tab.